000 00946cam a22002651i 4500
003 SA-RiAUC
005 20250427071122.0
008 250425s1977 su g 00000 ara c
020 _z7236603
040 _aSA-RiAUC
_bara
_cSA-RiAUC
_erda
050 4 _b.S55 1977
082 0 4 _a252.4
_qSA-RiAUC
090 _a252.4
_b ش ح ا
100 1 _aشحاتة، شوقي إسماعيل
_eمؤلف.
245 1 2 _aالتطبيق المعاصر للزكاة /
_cشوقي إسماعيل شحاتة.
250 _aالطبعة الأولى.
264 1 _aجدة، السعودية ؛
_a[القاهرة] :
_bدار الشروق،
_c1977
300 _a212 صفحة ؛
_c23 سم
336 _aنص
_btxt
_2rdacontent
_3كتاب
337 _aبدون وسيط
_bn
_2rdamedia
338 _aمجلد
_bnc
_2rdacarrier
650 7 _aالزكاة (فقه إسلامي)
_2aucsh
942 _2ddc
_cBOOK
_n0
949 _aSA-JeALM
_d250425
_umohamedma123
_n1
999 _c7367
_d7367